000 00302nam a22001337a 4500
008 170227b xxu||||| |||| 00| 0 eng d
020 _a9781121696259
041 _aeng
080 _a577
100 _a5
101 _aSHMB
245 _aHUMANI MPACTS ON BIOGEOCHEMICAL CYCLES
_cLEE, M
942 _2udc
_cBK
999 _c6299
_d6299